000 00688nam a2200205 i 4500
001 98401
003 ES-MaACL
005 20251120063133.0
007 t|
008 050817s1948 sp ||||1| spa d
080 _a821.134.2-14"16
100 1 _aPérez de Montalbán, Juan,
_d1602-1638
_990793
245 1 0 _aOrfeo en lengua castellana /
_cJuan Pérez de Montalbán ; edición de Pablo Cabañas.
260 _aMadrid :
_bInstituto Miguel de Cervantes,
_c1948.
300 _aXXVIII, 149 p., con 1 facs. ;
_c18 cm.
700 1 _aCabañas, Pablo.
_933155
710 2 _aInstituto "Miguel de Cervantes"
_95133
852 _aES-MaACL
_j1684-F-7
_bR.26505
999 _c98401
_d98401